000 00336nam a2200121Ia 4500
008 230907s9999||||xx |||||||||||||| ||und||
082 _a620.5
_bBIN
100 _aBinns, Chris,
_9112466
245 0 _aIntroduction to nanoscience and nanotechnology /
260 _aWiley,
_bHoboken, N.J. :
_c2010
300 _axvii, 301 p. :
942 _cBK
999 _c598103
_d598103